| 000 | 00649 a2200205 4500 | ||
|---|---|---|---|
| 999 |
_c5842 _d5842 |
||
| 010 | _aENG-87041 | ||
| 020 |
_a0070667039 _c350.00 |
||
| 035 | _aEN-70574 | ||
| 037 | _bDBAD / PUB | ||
| 082 | 1 | 4 | _a658.5 |
| 100 | 1 | _aBowersox, Donald | |
| 245 | 1 |
_aSupply chain logistics management / _cby Donald J Bowersox, David J. Closs [and] M. Bixby Cooper |
|
| 260 |
_aNew Delhi _bTata McGraw-Hill Publishing _c2008 |
||
| 270 |
_a7, West Patel Nagar, _bNew Delhi _e110 008 |
||
| 300 |
_axvi, 411 p _c24 cm (Pbk) |
||
| 500 | _aIncludes index | ||
| 700 | 1 | _aCloss, David J. | |
| 700 | 1 | _aCooper, M.Bixby | |
| 942 |
_adpl _cEN _2ddc _h658.5 _mBOW |
||